Acı çeken nefes / (Kayıt no. 2432)

MARC ayrıntıları
000 -BAŞLIK
Sabit Uzunluktaki Kontrol Alanı 00542nam a22001937a 4500
003 - KONTROL NUMARASI KİMLİĞİ
Kontrol Alanı KOHA_MİRAKIL
005 - EN SON İŞLEM TARİHİ ve ZAMANI
Kontrol Alanı 20240930101022.0
008 - SABİT UZUNLUKTAKİ VERİ ÖGELERİ - GENEL BİLGİ
Sabit Alan 240929b2015 tu ||||| |||| 00| 0 tur d
020 ## - ISBN - ULUSLARARASI STANDART KİTAP NUMARASI
Isbn 9786059105170
040 ## - KATALOGLAMA KAYNAĞI
Özgün Kataloglama Kurumu TR-AnABB
Kataloglama Dili tur
Çeviri Kurumu TR-AnABB
041 ## - DİL KODU
Metin ya da ses kaydının dil kodu tur
082 ## - DEWEY ONU SINIFLAMA SİSTEMİ
Sınıflama Numarası 818.42
Cutter numarası ERS 2015
100 ## - KİŞİ ADI
Yazar Adı (Kişi adı) Ersöz, Cezmi,
İsimle ilişkili tarihler 1959-.
245 #0 - ESER ADI BİLDİRİMİ
Başlık Acı çeken nefes /
Sorumluluk Bildirimi Cezmi Ersöz.
260 ## - YAYIN, DAĞITIM, VB.
Yayın Yeri İstanbul :
Yayınevi İtalik Kitapları,
Yayın Tarihi 2015.
300 ## - FİZİKSEL TANIMLAMA
Sayfa, Cilt vb. 167 sayfa ;
Boyutları 21 cm.
650 ## - KONU BAŞLIĞI EK GİRİŞ - KONU TERİMİ
Konusal terim veya coğrafi ad Türk edebiyatı, çeşitli eserler
942 ## - EK GİRİŞ ÖGELERİ (KOHA)
Sınıflama Kaynağı Dewey Decimal Classification
Materyal Türü Kitap
Mevcut
Geri Çekilme Durumu Kayıp Durumu Sınıflandırma Kaynağı Kredi için değil Kalıcı Konum Mevcut Konum Kayıt Tarih Edinim Kaynağı Toplam Ödünçverme Yer Numarası Demirbaş Numarası Son Görülme Tarihi Fatura Tarihi Materyal Türü
    Dewey Decimal Classification   ODTÜ Çalışma İstasyonu ODTÜ Çalışma İstasyonu 29/09/2024     818.42 ERS 2015 ABB109407 30/09/2024 30/09/2024 Kitap